Mots japonais - Statistiques

Statistiques générales
  • Ce quiz a été pris 25 fois
  • Le résultat moyen est 14 sur 55
Statistiques - réponses
Indices Réponses % Correct
Général en chef des armées du système féodal, au Japon (du XIIe au XIXe siècle). C’est le titre le plus élevé que nomme l'Empereur. Une série récente reprend ce mot. Shogun
85%
L'art du pliage du papier. Origami
80%
Avant 1867, c'était un guerrier au service du seigneur local précédent. Il reçoit une éducation sévère qui vise à ne pas avoir peur de la souffrance et de la mort. Samouraï
75%
Forme rituelle de suicide masculin par éventration, apparue au Japon vers le XIIe siècle dans la classe des personnes précédentes, et officiellement interdite en 1868. Seppuku/Hara-kiri
65%
Bande dessinée japonaise. Mot signifiant littéralement "image dérisoire". Manga
55%
Thé vert finement moulu utilisé dans la cérémonie du thé. Matcha
50%
Cerisiers ornementaux du Japon (dont Prunus serrulata) ainsi que leurs fleurs. Sakura
50%
Bain thermal public japonais, destiné à la détente. Onsen
45%
Désigne une personne qui consacre une partie de son temps à des activités comme le manga, les dessins animés, les jeux vidéo, c'est-à-dire à des activités d'intérieur. Otaku
45%
Bande dessinée pour jeunes adultes masculins. Seinen
45%
Bande dessinée pour jeunes filles. Shojo
45%
Bande dessinée pour jeunes garçons. Shonen
45%
Bande dessinée ou film d’animation manga à caractère pornographique. Hentai
40%
À table au Japon, vous entendrez toujours les japonais dire cette formule avant de commencer un repas. C’est une formule qui pourrait être traduite par « je reçois » au travers de laquelle les japonais vont humblement remercier toutes les personnes qui ont préparé ou participé à la participation de ce repas. Itadakimasu
40%
Commerce de proximité souvent ouvert non stop au Japon. Konbini
40%
Figurine représentant un chat, assis, levant une ou deux pattes, en guise de salutation. Issu des traditions populaires japonaises dans lesquelles les chats étaient estimés grâce à leur efficacité dans la lutte contre les rongeurs. Il est considéré comme un porte-bonheur associé à la prospérité commerciale. On le trouve devant de nombreux magasins et restaurants. Maneki-neko
40%
Guerrier non rattaché à un seigneur, il menait une vie errante et se louait comme mercenaire. Ronin
40%
Le code de l'honneur du guerrier : il ne peut servir deux maîtres à la fois, n'a pas deux paroles et ne doit pas craindre de répandre le sang. Bushido
35%
Poème d'origine japonaise extrêmement bref, célébrant l'évanescence des choses et les sensations qu'elles suscitent. Il est composé en principe de 17 mores (syllabes). Haïku
35%
Feu d'artifice. Hanabi
35%
Forme théâtrale datant du XIVe siècle, qui allie danse et musique traditionnelles. No
35%
Cérémonie japonaise qui célèbre la beauté éphémère des fleurs de cerisier. Elle consiste simplement en une contemplation des fleurs. Hanami
30%
Titre porté par certains empereurs du Japon mais aussi un jeu d'adresse composé d'un ensemble de baguettes. Mikado
30%
Termes japonais utilisés pour désigner les étrangers au Japon. Le Japon comptait 2 217 000 étrangers à la fin 2008, soit 1,74 % de la population totale. Gaikokujin/Gaijin
25%
Mot japonais signifiant "c'est fait !", "je l'ai fait", "prêt !", "d'accord !” Yatta!
25%
Ce sont, à partir du VIIIe siècle, de grands seigneurs japonais qui, maîtres de grands territoires, se rendent indépendants de la cour impériale du Japon. Ils recrutaient les personnes suivantes. Daimyo
20%
Désigne un état psychosocial et familial concernant principalement des hommes qui vivent coupés du monde et des autres, cloîtrés le plus souvent dans leurs chambres pendant plusieurs mois, voire plusieurs années, et ne sortant que pour satisfaire aux impératifs des besoins corporels. Hikikomori
20%
Art traditionnel de la composition florale. Ikebana
20%
Forme épique du théâtre japonais traditionnel. Centré sur un jeu d'acteur à la fois spectaculaire et codifié, il se distingue par le maquillage élaboré des acteurs et l'abondance de dispositifs scéniques. Kabuki
20%
Désigne tout ce qui se rapporte à des phénomènes étranges ou anormaux, dont l'existence dépasse la compréhension humaine, dans les croyances populaires transmises par l'intermédiaire de la littérature ou la culture orale au Japon. Yokai
20%
Figurine de papier mâché japonaise qui a la forme d'un moine bouddhiste. Il est une figurine à vœux, chance et prospérité. Daruma
15%
Bienvenue. Irassahaimase/Irasshai
15%
Occupe au Japon la place du bistrot ou du bar à vin en France, du pub en Angleterre ou du restaurant à tapas en Espagne. Il y en a environ 20 000 au Japon. Izakaya
15%
De l’anglais sample, c'est une réplique d'un produit alimentaire, exposée dans les vitrines et sur les étals extérieurs dans un très grand nombre de restaurants au Japon. Très réaliste, elle sert à montrer aux clients les différents plats et leurs prix. Sampuru
15%
De l'anglais "double", pour signifier la "double culture" au Japon. Daburu
10%
Expression japonaise qui signifie “je m’en remets à vous”. Elle est utilisée dans les restaurants de sushi pour demander au chef de surprendre ses hôtes en faisant sa propre sélection. Omakase
10%
Appareil pouvant être décrit comme un croisement entre un flipper et une machine à sous. Très populaire, plus de cinq millions de machines sont dénombrées au Japon. Pachinko
10%
Procédé de cuisson rapide à basse température du grès. Désigne aussi le bol obtenu par ce procédé, utilisé à l'origine pour la cérémonie du thé. Raku
10%
Méthode thérapeutique consistant à exercer des pressions sur certains points du corps. Shiatsu
10%
Ces concepts nous invitent à l'enchantement devant les choses imparfaites, incomplètes ou éphémères. Wabi sabi
10%
Spectacle traditionnel de marionnettes. Cette forme théâtrale date du XVIIe siècle. Bunraku
5%
Nom de la méthode de romanisation du japonais (romaji en japonais). Elle fut introduite par le missionnaire américain du même nom en 1887 et elle repose sur une retranscription phonétique de la langue japonaise. Hepburn
5%
Désigne au Japon une peinture ou une calligraphie sur soie ou sur papier encadrée en rouleau et destinée à être accrochée au mur ou sur les mâts d'éclairage public. Kakémono
5%
Théâtre ambulant où des artistes racontent des histoires en faisant défiler des illustrations devant les spectateurs. Kamishibaï
5%
Méthode japonaise de réparation des porcelaines ou céramiques brisées au moyen de laque saupoudrée de poudre d'or. Philosophiquement, c'est reconnaître la brisure et la réparation comme faisant partie de l'histoire de l'objet, plutôt que la dissimuler. Kintsugi
5%
L'art du découpage du papier. Kirigami
5%
Désigne au Japon des rouleaux manuscrits ou peints destinés à être déroulés et lus horizontalement. Makimono
5%
Fille en japonais. La retranscription du mot japonais en français du début du XXe siècle désigne plutôt une fille facile puis une fille également (mot peu employé). En 1888, Vincent van Gogh a nommé un de ses tableaux ainsi. Musume/Mousmé
5%
Brésiliens d’origine japonaise. Avec l’Ère Meiji qui engendre un appauvrissement des populations, des agriculteurs partent au Brésil pour cultiver le café principalement. Nikkei
5%
Appelé également syndrome des cœurs brisés, c’est une cardiomyopathie consistant en une sidération myocardique survenant après un stress émotionnel. Cette affection a été initialement décrite par des internistes et cardiologues japonais en 1977. Sa dénomination provient de la forme que prend la silhouette cardiaque dans cette pathologie, une forme d'amphore. Tako-tsubo
5%
Genre de théâtre dansé japonais, créé dans les années 1960. Butō
0%
Technique japonaise traditionnelle d’emballage en tissu utilisée pour transporter des objets. Furoshiki
0%
Écran opaque coulissant muni d’une poignée, utilisé pour redéfinir l’espace d’une pièce ou servir de porte dans l’habitat traditionnel japonais. Fusuma
0%
Désigne une pratique traditionnelle initialement utilisée notamment lors de la cérémonie de passage à l'âge adulte et consiste à se noircir les dents. Celle-ci concerne exclusivement les femmes. Elle est interdite par le gouvernement le 5 février 1870. Ohaguro
0%
Fait d’accumuler, sous forme de piles, des livres qui ne seront pas lus. Tsundoku
0%
Aucun quiz correspondant
Distribution des résultats
% des personnes avec chaque résultat
Percentile par nombre de réponses
Votre historique - résultats
Vous n’avez pas pris ce quiz